[Event "Sant Adria de Besos op 13th"]
[Site "Sant Adria de Besos"]
[Date "2017.05.14"]
[Round "4"]
[White "Lopez Martinez, Angel"]
[Black "Ceballos Moreno, David"]
[Result "0-1"]
[WhiteElo "1798"]
[BlackElo "2092"]
[PlyCount "60"]
[EventDate "2017.04.23"]
[EventType "swiss"]
[EventRounds "9"]
[EventCountry "ESP"]
[SourceTitle "EXT 2018"]
[Source "ChessBase"]
[SourceDate "2017.10.13"]
[SourceVersion "1"]
[SourceVersionDate "2017.10.13"]
[SourceQuality "1"]

1. e4 e5 2. Nf3 Nc6 3. Bb5 a6 4. Ba4 Nf6 5. 0-0 d6 6. d4 b5 7. Bb3 Bg4 8. h3 Bh5 9. Bg5 Nxd4 10. Bd5 Bxf3 11. gxf3 c6 12. Bb3 Be7 13. c3 Nxb3 14. Qxb3 0-0 15. Nd2 h6 16. Bh4 Qd7 17. Kh2 Nxe4 18. Nxe4 Bxh4 19. Rg1 Qe7 20. Rg6 d5 21. Rxc6 dxe4 22. Rg1 Kh8 23. fxe4 Bxf2 24. Rg2 Be3 25. Qd1 Bf4+ 26. Kh1 Qh4 27. Qf3 Rad8 28. Rg4 Rd1+ 29. Qxd1 Qxh3+ 30. Kg1 Be3# 0-1

[Event "Sant Adria de Besos op 11th"]
[Site "Sant Adria de Besos"]
[Date "2015.06.14"]
[Round "8.2"]
[White "Capellades Subirana, Marc"]
[Black "Ceballos Moreno, David"]
[Result "1-0"]
[WhiteElo "2316"]
[BlackElo "2118"]
[PlyCount "63"]
[EventDate "2015.04.12"]
[EventType "swiss"]
[EventRounds "9"]
[EventCountry "ESP"]
[SourceTitle "EXT 2024"]
[Source "ChessBase"]
[SourceDate "2023.10.10"]
[SourceVersion "1"]
[SourceVersionDate "2023.10.10"]
[SourceQuality "1"]

1. e4 e5 2. Nf3 Nc6 3. Bc4 d6 4. d4 exd4 5. Nxd4 Nxd4 6. Qxd4 Qf6 7. Qd3 Ne7 8. Nc3 a6 9. 0-0 g6 10. f4 Bg7 11. Be3 0-0 12. Rad1 h5 13. h3 Bd7 14. Bb3 Bc6 15. Qe2 Qh4 16. Kh2 Bxc3 17. bxc3 Bb5 18. c4 Bd7 19. Qd2 Nc6 20. c5 Be6 21. cxd6 Bxb3 22. axb3 Rad8 23. e5 cxd6 24. Bf2 Qe7 25. exd6 Qe6 26. Bh4 Rd7 27. f5 Qe4 28. Rf4 Qe5 29. Bg3 Qc5 30. fxg6 fxg6 31. Rxf8+ Kxf8 32. Qh6+ 1-0